000 00501nam a22001097a 4500
100 _aSiju, T
245 _aAdoption of recommendations on rubber production by farmers in Kerala: A pilot study
260 _bPLACROSYM XXIV: Coping with Pandemic and Beyond: Research and Innovations in the Plantation Crops Sector, 14-16 December 2021, Indian Cardamom Research Institute, Kochi, India, Book of Abstracts, pp. 298-299
650 _aRubber production, Kerala, Adoption
700 _aChandy, B
942 _cJS
999 _c74736
_d74736